Statistics for Formula 1 Team Quiz - Ferrari

Click here to take the quiz!

General Stats

  • This quiz has been taken 384 times
  • The average score is 15 of 22

Answer Stats

HintAnswer% Correct
Nation FoundedItaly
95%
FounderEnzo Ferrari
94%
2004Michael Schumacher
93%
2003Michael Schumacher
93%
2002Michael Schumacher
93%
2001Michael Schumacher
93%
2000Michael Schumacher
93%
Best Result1st
81%
Best Grid Position1st
81%
2007Kimi Raïkkönen
81%
First Year Raced1950
79%
1975Niki Lauda
67%
1977Niki Lauda
67%
Number of CWC16
65%
1956Juan Manuel Fangio
62%
1953Alberto Ascari
58%
1952Alberto Ascari
58%
1961Phil Hill
46%
1979Jody Scheckter
45%
1958Mike Hawthorn
34%
1964John Surtees
32%
First Grand PrixMonaco
31%

Score Distribution

Percentile by Number Answered

Percent of People with Each Score

Your Score History

You have not taken this quiz